Skyrim Dragon Shouts - Statistics

General Stats
  • This quiz has been taken 1,754 times
  • The average score is 11 of 20
Answer Stats
Words of Power Hint Thu'um % Correct
Fus Ro Dah Dah = Push Unrelenting Force
95%
Yol Toor Shul Toor = Inferno Fire Breath
89%
Wuld Nah Kest Kest = Tempest Whirlwind Sprint
77%
Fo Krah Diin Krah = Cold Frost Breath
71%
Lok Vah Koor Lok = Sky Clear Skies
69%
Od Ah Viing Viing = Wing Call Dragon
61%
Iiss Slen Nus Nus = Statue Ice Form
61%
Feim Zii Gron Feim = Fade Become Ethereal
59%
Zun Haal Viik Zun = Weapon Disarm
58%
Joor Zah Frul Joor = Mortal Dragonrend
55%
Strun Bah Qo Qo = Lightning Storm Call
54%
Kaan Drem Ov Drem = Peace Kyne's Peace
49%
Tiid Klo Ul Ul = Eternity Slow Time
48%
Krii Lun Aus Lun = Leech Marked for Death
44%
Zul Mey Gut Gut = Far Throw Voice
39%
Raan Mir Tah Raan = Animal Animal Allegiance
38%
Laas Yah Nir Yah = Seek Aura Whisper
33%
Hun Kaal Zoor Kaal = Champion Call of Valor
31%
Su Grah Dun Su = Air Elemental Fury
30%
Faas Ru Maar Maar = Terror Dismay
29%
No matching quizzes found
Score Distribution
Percent of People with Each Score
Percentile by Number Answered
Your Score History
You have not taken this quiz